书目信息 |
| 题名: |
秘鲁
|
|
| 作者: | 多利宁 , 多罗什克维奇 著 ;吉林师范大学地理系 译 | |
| 分册: | ||
| 出版信息: | 北京 商务印书馆 1975 |
|
| 页数: | 242页 | |
| 开本: | 19cm | |
| 丛书名: | ||
| 单 册: | ||
| 中图分类: | F177.899 , K778 | |
| 科图分类: | ||
| 主题词: | 经济地理--秘鲁 , 南美洲--历史 | |
| 电子资源: | ||
| ISBN: | ||
| 000 | 00839nam0 2200289 45 | |
| 001 | 0175001858 | |
| 005 | 20040510164139.9 | |
| 010 | @dCNY0.73 | |
| 100 | @a19950725d1975 em y0chiy0121 ea | |
| 101 | 1 | @achi@crus |
| 102 | @aCN@b110000 | |
| 105 | @ay z 000yy | |
| 106 | @ar | |
| 200 | 10 | @a秘鲁@Abi lu@f(苏)Α.多利宁,Ν.多罗什克维奇著@g吉林师范大学地理系译 |
| 210 | @a北京@c商务印书馆@d1975 | |
| 215 | @a242页@d19cm | |
| 606 | @a经济地理@y秘鲁 | |
| 606 | 0 | @a南美洲@x历史 |
| 607 | @a秘鲁@x经济地理 | |
| 690 | @aF177.899@v3 | |
| 690 | @aK778 | |
| 701 | 1 | @a多利宁@Aduo li ning@bА.@4著 |
| 701 | 1 | @a多罗什克维奇@Aduo luo shi ke wei qi@bN.@4著 |
| 712 | 02 | @a吉林师范大学地理系@Aji lin shi fan da xue di li xi@4译 |
| 801 | 0 | @aCN@b广东省中山图书馆@c20040510 |
| 801 | 2 | @aCN@bNLC@c20040510 |
| 905 | @f1@b218749@dK778@e2 | |
| 秘鲁/(苏)Α.多利宁,Ν.多罗什克维奇著/吉林师范大学地理系译.-北京:商务印书馆,1975 |
| 242页;19cm |
| ISBN :CNY0.73 |
| ● |
| 相关链接 |
|
|
|
|
正题名:秘鲁
索取号:K778/2
 
预约/预借
| 序号 | 登录号 | 条形码 | 馆藏地/架位号 | 状态 | 备注 |
| 1 | 0218749 | 001413642 | 密集书库/ [索取号:K778/2] | 在馆 | |
| 2 | 0218750 | 001413679 | 第二样本阅览室/ [索取号:K778/2] | 在馆 |